[Event "Srpska Republic-chT 1st League"]
[Site "Banja Vrucica"]
[Date "2014.08.12"]
[Round "4.3"]
[White "Pandurevic, Miro"]
[Black "Sredojevic, Srdjan"]
[Result "0-1"]
[WhiteElo "2271"]
[BlackElo "2201"]
[PlyCount "102"]
[EventDate "2014.08.09"]
[EventType "team-tourn"]
[EventRounds "9"]
[EventCountry "BIH"]
[SourceTitle "EXT 2016"]
[Source "ChessBase"]
[SourceDate "2015.10.08"]
[SourceVersion "1"]
[SourceVersionDate "2015.10.08"]
[SourceQuality "1"]
[WhiteTeam "Samac"]
[BlackTeam "Termag Gorski"]
[WhiteTeamCountry "BIH"]
[BlackTeamCountry "BIH"]

1. e4 e5 2. Nf3 d6 3. d4 exd4 4. Nxd4 g6 5. Nc3 Bg7 6. Be3 Nf6 7. Qd2 Nc6 8. 0-0-0 0-0 9. f3 Re8 10. g4 Nxd4 11. Bxd4 Be6 12. h4 c5 13. Be3 Qa5 14. a3 d5 15. g5 d4 16. Nb5 Qb6 17. gxf6 dxe3 18. Qd6 Bh6 19. Be2 Bc4 20. Nc3 Qa5 21. h5 Bxe2 22. hxg6 Rad8 23. Qh2 Rxd1+ 24. Rxd1 Rd8 25. Rh1 fxg6 26. Qxh6 Rd7 27. Nd5 Qd2+ 28. Kb1 Bd1 29. Nxe3 Bxf3 30. Rf1 Bxe4 31. Qf4 Bf5 32. Qb8+ Kf7 33. Nxf5 gxf5 34. Qh8 Qe2 35. Qxh7+ Kf8 36. Qh6+ Kf7 37. Qg7+ Ke6 38. Rg1 Rd1+ 39. Rxd1 Qxd1+ 40. Ka2 Qd7 41. Qf8 b6 42. b3 Qf7 43. Qd8 Qxf6 44. Qc8+ Ke5 45. Qc7+ Ke4 46. Qxa7 f4 47. Qa8+ Ke3 48. Qe8+ Kd2 49. Qe4 Qd4 50. Qg2+ Kc1 51. Qf1+ Kxc2 0-1

[Event "BIH-chT Cup"]
[Site "Banja Vrucica"]
[Date "2013.08.14"]
[Round "5"]
[White "Milekic, Daniel"]
[Black "Sredojevic, Srdjan"]
[Result "1-0"]
[WhiteElo "2236"]
[BlackElo "2179"]
[PlyCount "129"]
[EventDate "2013.08.10"]
[EventType "team-tourn"]
[EventRounds "9"]
[EventCountry "BIH"]
[SourceTitle "CBM 155 Extra"]
[Source "ChessBase"]
[SourceDate "2013.08.26"]
[SourceVersion "1"]
[SourceVersionDate "2013.08.26"]
[SourceQuality "1"]

1. d4 d5 2. c4 c6 3. Nf3 Nf6 4. e3 e6 5. b3 Nbd7 6. Bd3 Bd6 7. Bb2 0-0 8. 0-0 Re8 9. Ne5 Nf8 10. Nd2 Ng6 11. f4 Bb4 12. Ndf3 Ne4 13. Qc2 f5 14. Nxg6 hxg6 15. Bxe4 dxe4 16. Ne5 g5 17. Qe2 Bd6 18. Qh5 Bxe5 19. dxe5 gxf4 20. Rxf4 Re7 21. Ba3 Qe8 22. Qg5 Rd7 23. Bd6 b6 24. Rh4 Bb7 25. Rh5 c5 26. Rf1 g6 27. Rh6 Rg7 28. Qh4 Kf7 29. Qf6+ Kg8 30. Qh4 Kf7 31. Qf6+ Kg8 32. Qh4 Kf7 33. Rh7 Qd8 34. Rxg7+ Kxg7 35. Be7 Qg8 36. Qf6+ Kh7 37. Qh4+ Kg7 38. Rd1 Bc6 39. Qf6+ Kh7 40. Qh4+ Kg7 41. Rd6 Rc8 42. Qf6+ Kh7 43. Rxe6 Qg7 44. Qxg7+ Kxg7 45. Bf6+ Kf8 46. Kf2 Rc7 47. Rd6 Be8 48. e6 Rc6 49. Rxc6 Bxc6 50. Kg3 b5 51. Kf4 bxc4 52. bxc4 Bb7 53. Ke5 Ba6 54. Kd5 f4 55. exf4 e3 56. Kxc5 Bb7 57. g4 Bf3 58. Kd6 Ke8 59. f5 gxf5 60. gxf5 Be4 61. c5 Bxf5 62. c6 Be4 63. c7 Bb7 64. Bd4 e2 65. Bc3 1-0

[Event "BIH-chT Cup"]
[Site "Banja Vrucica"]
[Date "2013.08.11"]
[Round "2"]
[White "Sredojevic, Srdjan"]
[Black "Jelecevic, Ivo"]
[Result "1/2-1/2"]
[WhiteElo "2179"]
[BlackElo "2198"]
[PlyCount "122"]
[EventDate "2013.08.10"]
[EventType "team-tourn"]
[EventRounds "9"]
[EventCountry "BIH"]
[SourceTitle "CBM 155 Extra"]
[Source "ChessBase"]
[SourceDate "2013.08.26"]
[SourceVersion "1"]
[SourceVersionDate "2013.08.26"]
[SourceQuality "1"]

1. d4 d5 2. c4 c6 3. Nf3 Nf6 4. Nc3 e6 5. e3 Nbd7 6. Be2 Bd6 7. 0-0 0-0 8. Qc2 Re8 9. b3 a6 10. e4 dxe4 11. Nxe4 Nxe4 12. Qxe4 e5 13. Bg5 exd4 14. Qxd4 Qc7 15. Qd2 Nc5 16. Be3 Bf5 17. b4 Ne4 18. Qb2 Rad8 19. c5 Be7 20. Rad1 Be6 21. Bd3 Bd5 22. Bd4 Bf6 23. Rfe1 Qf4 24. Bxe4 Bxe4 25. Bxf6 Rxd1 26. Rxd1 Bxf3 27. gxf3 Qxf3 28. Rd8 Rxd8 29. Bxd8 Qd1+ 30. Kg2 Qxd8 31. Qe2 Qd5+ 32. f3 Kf8 33. Qf2 h6 34. a3 Qe5 35. Qc2 g6 36. a4 Qd4 37. Qc1 Kg7 38. Qe1 Kf6 39. a5 g5 40. Qe8 Qxb4 41. Qh8+ Kf5 42. Qh7+ Ke5 43. Qxh6 Qd2+ 44. Kf1 Qd3+ 45. Kg2 Qd2+ 46. Kf1 f6 47. Qf8 Qd7 48. Kg2 Qe6 49. Kf2 Kd5 50. Qd8+ Kc4 51. Qc7 Qe5 52. Qxb7 Qxc5+ 53. Kg2 Qb5 54. Qf7+ Kb4 55. Qxf6 Kxa5 56. Qa1+ Kb6 57. Qd4+ Qc5 58. Qd8+ Kb5 59. Qd3+ Kb6 60. Qb3+ Qb5 61. Qe3+ Qc5 1/2-1/2

[Event "BIH-chT Cup"]
[Site "Banja Vrucica"]
[Date "2013.08.10"]
[Round "1"]
[White "Adzic, Mitar"]
[Black "Sredojevic, Srdjan"]
[Result "0-1"]
[WhiteElo "2050"]
[BlackElo "2179"]
[PlyCount "62"]
[EventDate "2013.08.10"]
[EventType "team-tourn"]
[EventRounds "9"]
[EventCountry "BIH"]
[SourceTitle "CBM 155 Extra"]
[Source "ChessBase"]
[SourceDate "2013.08.26"]
[SourceVersion "1"]
[SourceVersionDate "2013.08.26"]
[SourceQuality "1"]

1. e4 e5 2. Nf3 d6 3. d4 exd4 4. Nxd4 g6 5. Nc3 Bg7 6. Be3 Nf6 7. Qd2 Nc6 8. 0-0-0 0-0 9. Bg5 Nxd4 10. Qxd4 h6 11. Bh4 g5 12. Bg3 Nh5 13. Qd2 Nxg3 14. hxg3 Qf6 15. Bc4 Be6 16. Bxe6 fxe6 17. f3 a5 18. Rhf1 a4 19. a3 b5 20. f4 b4 21. axb4 a3 22. e5 dxe5 23. bxa3 exf4 24. Rf3 Rxa3 25. Kb2 Rfa8 26. gxf4 Qe7 27. Qd8+ Rxd8 28. Kxa3 Bxc3 29. Rxd8+ Qxd8 30. Rxc3 gxf4 31. Rd3 Qa8+ 0-1

[Event "Srpska Republic-chT 1st League"]
[Site "Banja Vrucica"]
[Date "2012.08.12"]
[Round "2"]
[White "Sredojevic, Srdjan"]
[Black "Marjanovic, Dejan"]
[Result "0-1"]
[WhiteElo "2188"]
[BlackElo "2177"]
[PlyCount "80"]
[EventDate "2012.08.11"]
[EventType "team-tourn"]
[EventRounds "7"]
[EventCountry "BIH"]
[SourceTitle "CBM 149 Extra"]
[Source "ChessBase"]
[SourceDate "2012.08.24"]
[SourceVersion "1"]
[SourceVersionDate "2012.08.24"]
[SourceQuality "1"]
[WhiteTeam "Sokolac"]
[BlackTeam "Bijeljina"]
[WhiteTeamCountry "SRB"]
[BlackTeamCountry "SRB"]

1. Nf3 Nf6 2. b3 g6 3. Bb2 Bg7 4. e3 0-0 5. Be2 d6 6. d4 Nc6 7. c4 e5 8. d5 Ne7 9. Nc3 Nd7 10. b4 h6 11. Qb3 f5 12. c5 Nf6 13. 0-0 g5 14. Rfd1 Ng6 15. Rac1 Rf7 16. Nd2 g4 17. Nc4 Ne8 18. cxd6 cxd6 19. Bd3 Nh4 20. Ne2 Qg5 21. Qa3 Qd8 22. b5 b6 23. Ng3 Bf8 24. Qb3 Nf6 25. Bxe5 dxe5 26. Nxe5 Rg7 27. d6+ Kh7 28. d7 Bxd7 29. Nxf5 Nxf5 30. Bxf5+ Bxf5 31. Rxd8 Rxd8 32. Nc6 Rd3 33. Qc4 Rgd7 34. Nd4 Bc5 35. h3 Bxd4 36. exd4 gxh3 37. gxh3 Rxh3 38. Rc3 Rh4 39. Qc6 Be4 40. Qxd7+ Nxd7 0-1

[Event "SRB-chT2 West CS"]
[Site "Serbia"]
[Date "2011.10.16"]
[Round "11.3"]
[White "Sredojevic, Srdjan"]
[Black "Brkljaca, Ante"]
[Result "1/2-1/2"]
[WhiteElo "2203"]
[BlackElo "2319"]
[PlyCount "24"]
[EventDate "2011.09.11"]
[EventType "team"]
[EventRounds "11"]
[EventCountry "SRB"]
[SourceTitle "EXT 2015"]
[Source "ChessBase"]
[SourceDate "2014.11.20"]
[SourceVersion "1"]
[SourceVersionDate "2014.11.20"]
[SourceQuality "1"]

1. d4 Nf6 2. c4 g6 3. Nc3 Bg7 4. e4 d6 5. Nf3 0-0 6. Be2 e5 7. dxe5 dxe5 8. Qxd8 Rxd8 9. Bg5 Re8 10. Nd5 Nxd5 11. cxd5 c6 12. dxc6 Nxc6 1/2-1/2

[Event "SRB-chT2 West CS"]
[Site "Serbia"]
[Date "2011.10.14"]
[Round "8.3"]
[White "Jovanovic, Dusan D"]
[Black "Sredojevic, Srdjan"]
[Result "1-0"]
[WhiteElo "2366"]
[BlackElo "2203"]
[PlyCount "77"]
[EventDate "2011.09.11"]
[EventType "team"]
[EventRounds "11"]
[EventCountry "SRB"]
[SourceTitle "EXT 2015"]
[Source "ChessBase"]
[SourceDate "2014.11.20"]
[SourceVersion "1"]
[SourceVersionDate "2014.11.20"]
[SourceQuality "1"]

1. Nf3 d5 2. c4 Nf6 3. g3 c6 4. b3 Bg4 5. Bg2 Nbd7 6. Bb2 e6 7. 0-0 Be7 8. d3 0-0 9. Nbd2 Re8 10. a3 a5 11. Qc2 Bf8 12. Bc3 e5 13. e4 d4 14. Bb2 h6 15. Bc1 Bd6 16. h3 Be6 17. Nh4 Nc5 18. Ndf3 a4 19. b4 Nb3 20. Rb1 Qd7 21. g4 Nxc1 22. Qxc1 g5 23. Nxg5 Bxg4 24. hxg4 Qxg4 25. Nf5 Bf8 26. Nh3 Kh7 27. f4 Nh5 28. Qd1 Qxd1 29. Rbxd1 Nf6 30. Bf3 b6 31. Kf2 Rad8 32. Rh1 exf4 33. Rdg1 Rd7 34. Ng5+ Kh8 35. Nxh6 Bxh6 36. Rxh6+ Kg7 37. Rh4 Kf8 38. Rxf4 Ng8 39. Nxf7 1-0

[Event "Srpska Republic-chT 1st League"]
[Site "Banja Vrucica"]
[Date "2011.08.12"]
[Round "7"]
[White "Sredojevic, Srdjan"]
[Black "Savic, Petar A"]
[Result "1/2-1/2"]
[WhiteElo "2186"]
[BlackElo "2054"]
[PlyCount "45"]
[EventDate "2011.08.06"]
[EventType "team-tourn"]
[EventRounds "9"]
[EventCountry "BIH"]
[SourceTitle "EXT 2019"]
[Source "ChessBase"]
[SourceDate "2018.10.10"]
[SourceVersion "1"]
[SourceVersionDate "2018.10.10"]
[SourceQuality "1"]

1. Nf3 d5 2. b4 e6 3. Bb2 Nf6 4. a3 c5 5. bxc5 Bxc5 6. e3 Nc6 7. d4 Bd6 8. Nbd2 Bd7 9. c4 dxc4 10. Nxc4 Bc7 11. Bd3 0-0 12. 0-0 Qe7 13. Qe2 Rac8 14. e4 g6 15. Qd2 b5 16. Nce5 Nxe5 17. dxe5 Ne8 18. Qh6 f6 19. exf6 Nxf6 20. Qg5 a6 21. h4 Rf7 22. Ne5 Bxe5 23. Bxe5 1/2-1/2

[Event "Srpska Republic-chT 1st League"]
[Site "Banja Vrucica"]
[Date "2011.08.10"]
[Round "5"]
[White "Sredojevic, Srdjan"]
[Black "Prastalo, Borislav"]
[Result "1-0"]
[WhiteElo "2186"]
[BlackElo "2317"]
[PlyCount "90"]
[EventDate "2011.08.06"]
[EventType "team-tourn"]
[EventRounds "9"]
[EventCountry "BIH"]
[SourceTitle "EXT 2019"]
[Source "ChessBase"]
[SourceDate "2018.10.10"]
[SourceVersion "1"]
[SourceVersionDate "2018.10.10"]
[SourceQuality "1"]

1. Nf3 Nf6 2. b3 d5 3. Bb2 Bf5 4. e3 h6 5. d4 e6 6. Bd3 Ne4 7. 0-0 Nd7 8. Nc3 Bb4 9. Nb1 Bg4 10. Be2 0-0 11. a3 Bd6 12. Ne5 Bxe2 13. Qxe2 Bxe5 14. dxe5 c6 15. f3 Nec5 16. Nd2 Qc7 17. f4 a5 18. Bd4 b6 19. Qg4 f5 20. exf6 Nxf6 21. Qh3 Rae8 22. Nf3 Nce4 23. Be5 Qf7 24. Bxf6 Nxf6 25. Ne5 Qc7 26. Rfd1 Nd7 27. Nd3 e5 28. f5 Qd6 29. g4 Nc5 30. Nxc5 Qxc5 31. Rd2 Qc3 32. Rad1 a4 33. bxa4 Ra8 34. g5 hxg5 35. Rg2 Rxa4 36. Rxg5 Rxa3 37. Rxg7+ Kxg7 38. Qg4+ Kf7 39. Qg6+ Ke7 40. Qe6+ Kd8 41. Qd6+ Kc8 42. Qxf8+ Kb7 43. Qf7+ Ka6 44. Rf1 Qxe3+ 45. Kh1 Ra4 1-0

[Event "SRB-chT2 West Central"]
[Site "Serbia"]
[Date "2009.09.12"]
[Round "2"]
[White "Ikic, Alija"]
[Black "Sredojevic, Srdjan"]
[Result "1/2-1/2"]
[WhiteElo "2139"]
[BlackElo "2153"]
[PlyCount "126"]
[EventDate "2009.09.06"]
[EventType "team"]
[EventRounds "11"]
[EventCountry "SRB"]
[SourceTitle "EXT 2019"]
[Source "ChessBase"]
[SourceDate "2018.10.10"]
[SourceVersion "1"]
[SourceVersionDate "2018.10.10"]
[SourceQuality "1"]

1. d3 d5 2. Nf3 Nf6 3. g3 Bg4 4. Bg2 Nbd7 5. c4 c6 6. 0-0 e6 7. Nbd2 Be7 8. b3 0-0 9. Bb2 Re8 10. Rc1 Bf8 11. Rc2 h6 12. a3 Rc8 13. Qa1 c5 14. Re1 d4 15. b4 e5 16. h3 Bh5 17. g4 Bg6 18. Nh4 Bh7 19. Nf5 Rb8 20. Ng3 cxb4 21. axb4 Bxb4 22. Qxa7 Nc5 23. Qa1 Bxd2 24. Rxd2 Nb3 25. Qd1 Nxd2 26. Qxd2 Qe7 27. Qa5 Ra8 28. Qb5 Qc7 29. Rb1 e4 30. Bxd4 exd3 31. exd3 Bxd3 32. Rc1 Qf4 33. Qb2 Bg6 34. Bxf6 gxf6 35. c5 Ra2 36. Qxa2 Qxc1+ 37. Kh2 Qxc5 38. Bxb7 Rb8 39. Be4 Bxe4 40. Nxe4 Qe5+ 41. Ng3 Rd8 42. Qc2 Qf4 43. Kg2 Qd2 44. Qxd2 Rxd2 45. Ne4 Ra2 46. Nxf6+ Kg7 47. Ne4 Kg6 48. Ng3 Kg5 49. Nf5 h5 50. Ne3 h4 51. Nf5 Ra5 52. Nd4 Kf4 53. Ne2+ Ke4 54. Nc3+ Kd3 55. Nd1 f5 56. Ne3 f4 57. Nf5 Ke4 58. Nxh4 Ra3 59. g5 Ra5 60. Nf3 Kf5 61. h4 Kg4 62. g6 Ra8 63. Ne5+ Kxh4 1/2-1/2

[Event "Srpska Republic-chT 1st League"]
[Site "Trebinje"]
[Date "2009.08.11"]
[Round "2"]
[White "Sredojevic, Srdjan"]
[Black "Jelecevic, Ivo"]
[Result "1-0"]
[WhiteElo "2153"]
[BlackElo "2130"]
[PlyCount "81"]
[EventDate "2009.08.10"]
[EventType "team-tourn"]
[EventRounds "9"]
[EventCountry "BIH"]
[SourceTitle "EXT 2019"]
[Source "ChessBase"]
[SourceDate "2018.10.10"]
[SourceVersion "1"]
[SourceVersionDate "2018.10.10"]
[SourceQuality "1"]

1. Nf3 d5 2. g3 Nf6 3. Bg2 c6 4. 0-0 Bf5 5. d3 Nbd7 6. Nbd2 e5 7. Qe1 h6 8. e4 dxe4 9. Nh4 Be6 10. Nxe4 Be7 11. Nf3 0-0 12. Ned2 Qc7 13. Nc4 Bxc4 14. dxc4 Rfe8 15. Nh4 Bf8 16. Nf5 Rad8 17. Qe2 Kh7 18. Bd2 g6 19. Ne3 Bg7 20. Rad1 Nc5 21. Bc1 Ne6 22. c3 Nd7 23. h4 h5 24. Be4 Kh8 25. Ng2 f5 26. Bxf5 gxf5 27. Qxh5+ Kg8 28. Qxf5 Ndf8 29. h5 Qf7 30. Qg4 Kh7 31. Nh4 Bf6 32. Nf5 Rxd1 33. Rxd1 Rd8 34. Rxd8 Nxd8 35. Nh6 Qg7 36. Qf5+ Kh8 37. Ng4 Nh7 38. h6 Qe7 39. Nxf6 Qxf6 40. Qxf6+ Nxf6 41. Bg5 1-0